mysqli: Table './ulib62015/stat_globaluid' is marked as crashed and should be repaired
select id from stat_globaluid where statuid='20260517135956_4230'
mysqli: Table './ulib62015/stat_globaluid' is marked as crashed and should be repaired
DELETE FROM stat_globaluid
WHERE id NOT IN (
SELECT id
FROM (
SELECT id
FROM stat_globaluid
ORDER BY id DESC
LIMIT 100
) foo
);
mysqli: Table './ulib62015/stat_globaluid' is marked as crashed and should be repaired
insert into stat_globaluid set
statuid='20260517135956_4230',
dt='1779001196',
phpself='/ULIB62015/dublinfull.php',
agent='Mozilla/5.0 AppleWebKit/537.36 (KHTML, like Gecko; compatible; ClaudeBot/1.0; +claudebot@anthropic.com)',
yea='2026',
mon='5',
dat='17',
ip='216.73.216.45'
mysqli: Table './ulib62015/stathist_viewbib_bib_type' is marked as crashed and should be repaired
insert into stathist_viewbib_bib_type set
dat='17' ,
mon='05' ,
yea='2026' ,
statuid='20260517135956_4230' ,
head='23520' ,
foot='marc' ,
dt='1779001196'
| LEADER : 01174nam 2200277 a 4500 |
| 001 23520 |
| 003 ULIB |
| 008 030417s2538 caua sb 001 0 tha |
| 060 4 ^aQU105^bป396น 2538
|
| 100 ^aประสาท ว่านเครือ
|
| 245 10 ^aน้ำ อีเล็คโทรลัยต์ หลักการวิเคราะห์ /^cประสาท ว่านเครือ
|
| 260 ^aกรุงเทพฯ :^bภาควิชาเคมีคลินิก คณะเทคนิคการแพทย์ มหาวิทยาลัยมหิดล,^c2538
|
| 300 ^a152 หน้า :^bภาพประกอบ;^c29 ซม.
|
| 650 4 ^aการวิเคราะห์ทางห้องปฏิบัติการ
|
| 650 4 ^aอีเล็คโตรลัยท์
|
| 650 4 ^aสารน้ำในร่างกาย
|
| 710 2 ^aมหาวิทยาลัยมหิดล.^bคณะเทคนิคการแพทย์.^bภาควิชาเคมีคลินิก
|
| 945 ^p0^l0^i000940
|
| 945 ^p0^l0^i000936
|
| 945 ^p0^l0^i000932
|
| 945 ^p0^l0^i003223
|
| 945 ^p0^l0^i000939
|
| 945 ^p0^l0^i000935
|
| 945 ^p0^l0^i000934
|
| 945 ^p0^l0^i000938
|
| 945 ^p0^l0^i000933
|
| 945 ^p0^l0^i000941
|
| 945 ^p0^l0^i000937 |
| คุณยังไม่ได้ล็อกอิน คุณสามารถมีกิจกรรมร่วมกับเว็บไซต์ได้ แต่ต้องล็อกอินก่อน :: |
|
|
|
รายการใกล้เคียง
ผู้แต่ง [ประสาท ว่านเครือ]
หัวเรื่อง [การวิเคราะห์ทางห้องปฏิบัติการ] หัวเรื่อง [สารน้ำในร่างกาย]
|
|
ยังไม่เคยถูกคอมเมนท์
|
| คอมเมนท์ทรัพยากรรายการนี้ |
|